Statistiques concernant Pays #1

Cliquez ici pour prendre le quiz!

Statistiques générales

  • Ce quiz a été pris 108 fois
  • Le résultat moyen est 27 sur 30

Statistiques - réponses

Réponse% Correct
Allemagne
99%
Canada
99%
Brésil
98%
Italie
98%
Japon
98%
Argentine
97%
Etats Unis
97%
France
97%
Chine
96%
Espagne
96%
Australie
95%
Suède
95%
Suisse
95%
Turquie
93%
Croatie
92%
Maroc
92%
Portugal
92%
Inde
90%
Russie
90%
Arabie saoudite
89%
Norvège
89%
Tunisie
89%
Angleterre
87%
Egypte
85%
Niger
76%
Nigeria
75%
Chili
73%
Slovaquie
67%
pérou
65%
Pologne
55%

Distribution des résultats

Percentile par nombre de réponses

% des personnes avec chaque résultat

Votre développement - résultats

Vous n’avez pas pris ce quiz